000 00338nam a2200145 i 4500
001 bg
100 1 _aRADAUCAN, S. J.
245 0 _aTellurid cinka /
_cS.J. Radaucan, A.E. Curkan.
260 _aKisinew,
_c1972.
700 1 _aCURKAN, A. E.
040 _cBPK
041 _apol
942 _cKS
008 s pl f |000 0 pol
999 _c15392
_d15392
856 _uhttp://koha.tu.koszalin.pl/cgi-bin/koha/opac-detail.pl?biblionumber=15392
_yKatalog online BPK